01412nam a2200253 450000500170000000700150001700800410003202000180007303500090009104000190010008000130011910000310013224501740016325600240033726000710036130000280043249000790046050602850053965000460082471000700087074000380094081000810097885600990105920240305165359.0cr|||| |||| 120116s2011 sp s 000 0 spa d a9788473514064 a6615 aBUCdBUSdvLex a37.014.31 aGarcía Sánchez, Ester.10aEvaluación de políticas y reformas educativas en España (1982-1992) h[Recurso electrónico] :btres experiencias de metaevaluación /cEster García Sánchez. aServicio en línea aMadrid :bInstituto Nacional de Administración Pública,c2011. a1 recurso electrónico1 aMonografías /Instituto Nacional de Administración Pública (España)1 aContenido solo disponible en los productos indicadosdvLex Global dvLex Global (Academic Edition, excluding Law Schools) dvLex Global (U.S. Academic Edition, Law Schools) dvLex Global (U.S. Academic Edition, excluding Law Schools) dvLex Global (Academic Edition, Law Schools) 04aEspañaxPolítica educativaySiglo 20.2 aInstituto Nacional de Administración Pública (España),eed.0 avLex Libros (Servicio en línea)2 aInstituto Nacional de Administración Pública (España).tMonografías.40uhttps://app.vlex.com/#/sources/evaluacion-politicas-reformas-educativas-espa-a-1982-1992--6615